| 000 | 00369nam a2200121 4500 | ||
|---|---|---|---|
| 999 |
_c9753 _d9753 |
||
| 008 | 180716b ||||| |||| 00| 0 eng d | ||
| 100 |
_928938 _aMosqueda Jr., Mars W. |
||
| 245 |
_aTwo-year tax exemption for start-ups sought/ _cMars W. Mosqueda Jr. |
||
| 260 |
_aPhilippines _bManila Bulletin _cc2016 |
||
| 300 | _apage 18. | ||
| 650 | 0 |
_928939 _aTaxation. |
|
| 942 |
_2ddc _cPER |
||